000 00268 a2200121 4500
000 nam a22 7a 4500
020 _a9788194026716
100 _aSwati Bawra
_947
245 _aEngineering physics
250 _a7
260 _bP.Jamnadas
_c2023
264 _bP.Jamnadas
999 _c35968
_d35968